000 01376nam a2200217 4500
005 20250403132623.0
008 250329b |||||||| |||| 00| 0 eng d
020 _a9781666869712
037 _cTextual
040 _aRTL
_cRTL
084 _aX:72 R4
_qRTL
100 _aWilkinson, Preston
_9751619
245 _aTheories and policies of macroeconomics
260 _aWilmington
_bAmerican Academic Publisher
_c2024
300 _aix, 289p.
_bIncludes bibliographical reference & index
520 _aWhen we study economy at large, we use the term "macroeconomics". macroeconomics is concerned with the understanding of aggregate phenomena such as economic growth, business cycles, unemployment, inflation and international trade among others These topics are of particular relevance for the development and evaluation of economic policy. This book "Theories and Policies of macroeconomics" deals with balanced approach between theoretical and mathematical aspects of the subject has been adopted to ensure ease and clarity in leaning. The book brings classroom teaching directly to the student has been adopted to ensure ease and that it uses.
650 _aMacoeconomics
_9751624
650 _aEconomic theories of devlopment & planning
_9751625
650 _aTheory of applications of macroeconomics
_9751626
942 _2CC
_n0
_cTB
_hX:72 R4
999 _c1308298
_d1308298